• 首页
  • 本馆介绍
  • 公告通知
  • 最新文献
  • 馆藏检索
  • 电子资源
  • 读者导购
  • 参考咨询
  • 我的图书馆
  • 登录
  • 详细信息显示
  • 放入我的书架
  • 预约/预借图书
  • 作者相关作品
  • 分类相关作品
  • 丛书相关作品
  • 出版社相关作品

书目信息

  • 表格格式
  • 工作单格式
  • 卡片格式
题名:
英汉艺术新词库
    
 
作者: 胡志勇 主编
分册:  
出版信息: 上海   上海科学技术文献出版社  2007
页数: 508页
开本: 17cm
丛书名: 英汉新词库系列丛书
单 册:
中图分类: J-61
科图分类:
主题词: 艺术--英语--汉语--词典
电子资源:
ISBN: 978-7-5439-3143-5
000 01087oam2 2200301 450
001 012004142214
005 20070807155725.81
009 012004142214
010    @a978-7-5439-3143-5@dCNY30.00
035    @a(110019)012007019996
100    @a20070614d2007 em y0chiy0110 ea
101 0  @achi@aeng
102    @aCN@b310000
105    @ay z 000yy
106    @ar
200 1  @a英汉艺术新词库@Aying han yi shu xin ci ku@dA new dictionary of English-Chinese of arts@f胡志勇主编@Fhu zhi yong zhu bian@zeng
210    @a上海@c上海科学技术文献出版社@d2007
215    @a508页@d17cm
225 2  @a英汉新词库系列丛书@Aying han xin ci ku xi lie cong shu
312    @a封面英文题名:A new English-Chinese dictionary of arts
330    @a本书共收艺术专业词条约五万余条,内容涵盖古典音乐、现代音乐、舞蹈、戏剧、电影、美术、摄影等。
461  0 @12001 @a英汉新词库系列丛书
510 1  @aNew dictionary of English-Chinese of arts@zeng
606 0  @a艺术@x英语@x汉语@j词典
690    @aJ-61@v4
701  0 @a胡志勇@Ahu zhi yong@4主编
801  0 @aCN@b110019@c20070807
905    @dJ-61@e31@f5
    
    英汉艺术新词库=A new dictionary of English-Chinese of arts/胡志勇主编.-上海:上海科学技术文献出版社,2007
    508页;17cm.-(英汉新词库系列丛书)
    
    
    ISBN 978-7-5439-3143-5:CNY30.00
    本书共收艺术专业词条约五万余条,内容涵盖古典音乐、现代音乐、舞蹈、戏剧、电影、美术、摄影等。
●
相关链接 在E读中查询图书 在五车中查询图书 在当当中查询图书 在豆瓣中查询图书


正题名:英汉艺术新词库     索取号:J-61/31         预约/预借

序号 登录号 条形码 馆藏地/架位号 状态 备注
1 0853212   208532122   第一样本阅览室/ [索取号:J-61/31] 在馆    
2 0853213   208532131   第一借阅区/ [索取号:J-61/31] 在馆    
3 0853214   208532140   第一借阅区/ [索取号:J-61/31] 在馆    
4 0853215   208532159   第一借阅区/ [索取号:J-61/31] 在馆    
5 0853216   208532168   第一借阅区/ [索取号:J-61/31] 在馆    
唐山师范学院图书馆 欢迎您!
大连网信软件有限公司© 版权所有